01088cam a22003015a 4500001001000000003000400010005001700014008004100031020003000072020002700102040002700129082002000156100002700176245007500203250002300278260005000301300002900351500002400380650005200404650004800456651001000504653003400514700001900548700002500567942002100592999001700613952015600630016871782OSt20151029144658.0140922t2015 enka fr 001 0 eng d a9780273793397 (paperback) a027379339X (paperback) aUkbengcUkdEG-ScBUE 04a006.76bDEI2221 aDeitel, Paul J.93860910aAndroid :bhow to program /cPaul Deitel, Harvey Deitel, Abbey Deitel. a2nd ed. Global ed. aHarlow :bPearson Education Limited,cc.2015. a728 p. :bill. ;c24 cm. aIndex : p. 709-728. 72BUEsh94599aApplication softwarexDevelopment. 0aAndroid (Electronic resource)9275492BUEsh 2BUEsh bCOMSCIcJune2015cOctober20151 aDeitel, Harvey1 aDeitel, Abbey932791 2ddck005.437 AND c19934d19906 00102ddc40708AlahramaMAINbMAINcLOWd2015-06-25ePurchaseg295.00h330l2m37o006.76 DEIp000039092r2025-07-15 00:00:00s2019-09-07v368.75yBB